مكتبة جامعة عجلون الوطنية

فهرس بحث المكتبة

Normal view MARC view
  • الصدر، محمد باقر

Entry Personal Name

Number of records used in: 1

001 - CONTROL NUMBER

  • control field: 56581

003 - CONTROL NUMBER IDENTIFIER

  • control field: JO-AjAnu

005 - DATE AND TIME OF LATEST TRANSACTION

  • control field: 20230606083254.0

008 - FIXED-LENGTH DATA ELEMENTS

  • fixed length control field: 230606|| aca||aabn | a|a d

040 ## - CATALOGING SOURCE

  • Original cataloging agency: JO-AjAnu
  • Transcribing agency: JO-AjAnu

100 ## - HEADING--PERSONAL NAME

  • Personal name: الصدر، محمد باقر

670 ## - SOURCE DATA FOUND

  • Source citation: Work cat.: (JO-AjAnu)28871: الصدر، محمد باقر, author, البنك اللاربوي في الاسلام : اطروحة للتعويض عن الربا ودراسة لكافة اوجه نشاطات البنوك في ضوء الفقه الاسلامي